Riconosci il Pokémon - Quiz n°417 - Statistics

Statistiche generali
  • Questo quiz è stato fatto 0 volte
  • Il punteggio medio è 0 su 10
Statistiche sulle risposte
Indizio Risposta % Corretto
Altezza 0,4 m
0%
Sesso 100% ♀
0%
Tasso di cattura 45 (11.9%)
0%
Peso 6,0 kg
0%
Stadio evoluzione Forma Baby
0%
Tipo Ghiaccio / Psico
0%
Abilità Indifferenza; Premonizione; Idratazione
0%
Tasso di allevamento Medio-Veloce
0%
Generazione Seconda
0%
Pokémon Smoochum
0%
Nessun quiz corrispondente trovato
Distribuzione punteggi
Percentuale di utenti per punteggio
Percentile per numero di risposta
I tuoi punteggi nel tempo
Non hai fatto questo quiz